01829 a2200157 4500020001500000082001500015110005000030245007700080260003300157300002100190505121900211650009501430700001401525999001301539952011901552 a4901387804 a708bM685b aCentre for Contemporary Art, Kitakyushu91244 aBridge the gap?bProgramme BookcCenter for Contemporary Art, Kitakyushu aJapanbCCA, Kitakyushuc2001 a276 pbillc18cm tJuly 24th. Lectures Oladľ Ǎjibot.̌ Bamgboy (̌Unasking) John Casti (An experiment in scientific fiction) Gregory Chaitin (The Unknowable) Carsten Hl̲ler (Doubt) Olafur Eliasson (Seeing yourself sensing) Evelyn Fox Keller (The Century of the Gene) Rem Koolhaas (Junkspace) Sarat Maharaj (on Francisco Varela) Bruce Mau (Branding and Beyond) Saskia Sassen (Global City) Luc Steel (The meaning of Red) Anton Zeilinger (Quantum Teleportation and the Nature of Reality)tJuly 25th Time-Uncertainity-Complexity Gregory Chaitin-Israel Rosenfield-Anton Zeilinger (Complexity in Mathematics, Physics, Biology an Psychology) Arima Akito-Kunitake Toyoki (The Meaning of Self-organisation in Society and Culture) Luc Steels-Otar Eliasson (Colors in disciplines) Ikegami Takashi-Gabriel Orozco (Rule of the Game)tJuly 26 Economical Gaps, New Branding, Global Change Gregory Mau-Saskia Sassen (New Branding) Hsia Chu-Joe - William Lim (Spaces of Heterotopias/Indeterminacy) Rem Koolhas-Mark Leonard (The Future of Politics?) Telephone interviewtJuly 27 Gap the Bridge Marina Abramovic-Evelyn Fox Keller (Third Culture) Carsten Hl̲ler-Heike Berhernd (KRAFT/POWER) John Casti-Stefano Boeri (Self-organization) Round Table aArt, science, congressxModern artxCongressxAbramovic, Marina (1946-?)y20 century91245 aCCA91246 c271d271 00102ddc4070aLVbLVcEventos y Bienalesd2014-08-14l0o708 M685bp000344r2014-08-14 00:00:00w2014-08-14y01